[Event "Washington op 4th"]
[Site "Rockville"]
[Date "2015.08.09"]
[Round "3"]
[White "Kamsky, Gata"]
[Black "Arun Prasad, Subramanian"]
[Result "1-0"]
[WhiteElo "2670"]
[BlackElo "2503"]
[PlyCount "142"]
[EventDate "2015.08.08"]
[EventType "swiss"]
[EventRounds "9"]
[EventCountry "USA"]
[SourceTitle "CBM 167 Extra"]
[Source "ChessBase"]
[SourceDate "2015.09.14"]
[SourceVersion "1"]
[SourceVersionDate "2015.09.14"]
[SourceQuality "1"]

1. d4 Nf6 2. Nf3 e6 3. Bf4 c5 4. e3 d5 5. c3 Nc6 6. Nbd2 Bd6 7. Bg3 O-O 8. Bd3
b6 9. Ne5 Bb7 10. O-O Ne7 11. Qb1 g6 12. Nef3 Nf5 13. Be5 Be7 14. h3 a5 15. a4
Ba6 16. Bxa6 Rxa6 17. Rd1 Qa8 18. Qd3 Ne4 19. Qe2 Nxd2 20. Rxd2 c4 21. Re1 b5
22. axb5 Rb6 23. Ra1 Rxb5 24. b4 Qd8 25. bxa5 Rxa5 26. Rda2 Rxa2 27. Qxa2 Nd6
28. Nd2 Bf6 29. Bf4 Bg5 30. Bh2 Qd7 31. Nf3 Bf6 32. Ne5 Bxe5 33. Bxe5 f6 34.
Bh2 Re8 35. Qa5 Nf7 36. Qb6 Rc8 37. Ra6 Nd8 38. Ra7 Qc6 39. Qa5 Qe8 40. Ra6 Nc6
41. Qa4 Kf7 42. Bg3 Ne7 43. Qa5 Qd8 44. Qa3 Nc6 45. Qa4 Qe8 46. Qb5 Qd7 47. Rb6
Kg8 48. Kh2 Qe8 49. f3 Ne7 50. Qa6 Rc6 51. Qa4 Rc8 52. Qa7 Nf5 53. Bf2 Ra8 54.
Qc7 Rc8 55. Qb7 Rd8 56. g4 Nd6 57. Qc7 Nf7 58. Kg2 Rc8 59. Qb7 Kg7 60. e4 Rd8
61. e5 fxe5 62. dxe5 Ra8 63. Bh4 h5 64. Bf6+ Kh6 65. g5+ Kh7 66. Kg3 d4 67.
cxd4 c3 68. Rc6 Rb8 69. Qc7 h4+ 70. Kxh4 Rb4 71. Rxc3 Rxd4+ 1-0

[Event "Washington op 4th"]
[Site "Rockville"]
[Date "2015.08.09"]
[Round "4"]
[White "Mikhalevski, Victor"]
[Black "Kamsky, Gata"]
[Result "0-1"]
[WhiteElo "2526"]
[BlackElo "2670"]
[PlyCount "48"]
[EventDate "2015.08.08"]
[EventType "swiss"]
[EventRounds "9"]
[EventCountry "USA"]
[SourceTitle "CBM 167 Extra"]
[Source "ChessBase"]
[SourceDate "2015.09.14"]
[SourceVersion "1"]
[SourceVersionDate "2015.09.14"]
[SourceQuality "1"]

1. Nf3 Nf6 2. c4 c6 3. Nc3 d5 4. e3 g6 5. d4 Bg7 6. Be2 O-O 7. O-O Bg4 8. h3
Bxf3 9. Bxf3 e6 10. Qe2 Nbd7 11. Rd1 Re8 12. e4 dxe4 13. Nxe4 Nxe4 14. Bxe4 Nb6
15. a4 Nc8 16. a5 a6 17. Bc2 Nd6 18. Be3 Qe7 19. d5 exd5 20. cxd5 c5 21. Ba4
Red8 22. Qc2 c4 23. Bc5 Rac8 24. Qxc4 Qc7 0-1

[Event "Washington op 4th"]
[Site "Rockville"]
[Date "2015.08.10"]
[Round "5"]
[White "Kamsky, Gata"]
[Black "Azarov, Sergei Nikolaevich"]
[Result "1/2-1/2"]
[WhiteElo "2670"]
[BlackElo "2602"]
[PlyCount "21"]
[EventDate "2015.08.08"]
[EventType "swiss"]
[EventRounds "9"]
[EventCountry "USA"]
[SourceTitle "CBM 167 Extra"]
[Source "ChessBase"]
[SourceDate "2015.09.14"]
[SourceVersion "1"]
[SourceVersionDate "2015.09.14"]
[SourceQuality "1"]

1. d4 d5 2. Nf3 Nf6 3. c4 dxc4 4. e3 b5 5. a4 b4 6. Bxc4 e6 7. O-O Bb7 8. Nbd2
Be7 9. Re1 O-O 10. e4 c5 11. a5 1/2-1/2

[Event "Washington op 4th"]
[Site "Rockville"]
[Date "2015.08.10"]
[Round "6"]
[White "Sevian, Samuel"]
[Black "Kamsky, Gata"]
[Result "1/2-1/2"]
[WhiteElo "2553"]
[BlackElo "2670"]
[PlyCount "72"]
[EventDate "2015.08.08"]
[EventType "swiss"]
[EventRounds "9"]
[EventCountry "USA"]
[SourceTitle "CBM 167 Extra"]
[Source "ChessBase"]
[SourceDate "2015.09.14"]
[SourceVersion "1"]
[SourceVersionDate "2015.09.14"]
[SourceQuality "1"]

1. e4 c6 2. d4 d5 3. e5 Bf5 4. Nf3 e6 5. Be2 Ne7 6. O-O Bg6 7. Nbd2 Nf5 8. Nb3
Nd7 9. Bd2 Be7 10. g4 Nh6 11. h3 Ng8 12. Ne1 h5 13. gxh5 Be4 14. Bd3 Bxd3 15.
Nxd3 Nh6 16. Bxh6 Rxh6 17. Kh2 Qc7 18. Qg4 g6 19. hxg6 Rxg6 20. Qe2 O-O-O 21.
f4 Rh8 22. Rg1 Rgh6 23. Rg3 Nf8 24. Rag1 Ng6 25. f5 exf5 26. Qf3 Nh4 27. Rg8+
Bd8 28. Qf4 b6 29. Rxh8 Rxh8 30. Rg7 Qe7 31. Qf1 Qf8 32. Rg3 Qh6 33. Nf4 Bg5
34. Qa6+ Kd8 35. Qxa7 Bxf4 36. Qb8+ Kd7 1/2-1/2

[Event "Washington op 4th"]
[Site "Rockville"]
[Date "2015.08.11"]
[Round "7"]
[White "Kamsky, Gata"]
[Black "Steingrimsson, Hedinn"]
[Result "1-0"]
[WhiteElo "2670"]
[BlackElo "2550"]
[PlyCount "97"]
[EventDate "2015.08.08"]
[EventType "swiss"]
[EventRounds "9"]
[EventCountry "USA"]
[SourceTitle "CBM 167 Extra"]
[Source "ChessBase"]
[SourceDate "2015.09.14"]
[SourceVersion "1"]
[SourceVersionDate "2015.09.14"]
[SourceQuality "1"]

1. d4 d5 2. Bf4 c5 3. e3 Nc6 4. c3 Nf6 5. Nd2 cxd4 6. exd4 Bf5 7. Ngf3 e6 8.
Bb5 Bd6 9. Bxd6 Qxd6 10. O-O a6 11. Bxc6+ Qxc6 12. Ne5 Qc7 13. Qa4+ Nd7 14.
Rfe1 Rd8 15. Qb4 Nxe5 16. dxe5 Qe7 17. Qf4 O-O 18. Nb3 Rc8 19. Nd4 Bg6 20. h4
Rc4 21. Re3 Rfc8 22. a3 b5 23. Rh3 h5 24. Rg3 a5 25. Rg5 Kh7 26. Re1 b4 27.
axb4 axb4 28. g4 bxc3 29. bxc3 Rxc3 30. gxh5 Be4 31. Kh2 f6 32. Rg4 fxe5 33.
Qxe5 Qc7 34. Qxc7 R3xc7 35. Nxe6 Bf5 36. Ng5+ Kh6 37. Rf4 Bc2 38. Re6+ Kxh5 39.
Kg3 Rc4 40. Nh3 g6 41. Re7 R4c7 42. Rff7 Rxe7 43. Rxe7 g5 44. Re5 Rc3+ 45. f3
Bd1 46. Nxg5 Rd3 47. Re6 Ra3 48. Rf6 Be2 49. Ne6 1-0

[Event "Washington op 4th"]
[Site "Rockville"]
[Date "2015.08.12"]
[Round "8"]
[White "Roiz, Michael"]
[Black "Kamsky, Gata"]
[Result "1/2-1/2"]
[WhiteElo "2595"]
[BlackElo "2670"]
[PlyCount "52"]
[EventDate "2015.08.08"]
[EventType "swiss"]
[EventRounds "9"]
[EventCountry "USA"]
[SourceTitle "CBM 167 Extra"]
[Source "ChessBase"]
[SourceDate "2015.09.14"]
[SourceVersion "1"]
[SourceVersionDate "2015.09.14"]
[SourceQuality "1"]

1. d4 d5 2. c4 c6 3. Nf3 Nf6 4. Nc3 a6 5. e3 g6 6. Be2 Bg7 7. O-O O-O 8. Bd2
Bg4 9. Qb3 Ra7 10. cxd5 cxd5 11. h3 Bxf3 12. Bxf3 e6 13. Rfc1 Nc6 14. Be1 Na5
15. Qc2 Nc4 16. b3 Nd6 17. Na4 b5 18. Nc5 a5 19. Nd3 Qa8 20. Qd1 Nd7 21. Rc2
Rc8 22. Rxc8+ Qxc8 23. Rc1 Qa8 24. Be2 Bf8 25. Ne5 b4 26. Nd3 Qb8 1/2-1/2

[Event "Washington op 4th"]
[Site "Rockville"]
[Date "2015.08.13"]
[Round "9"]
[White "Kamsky, Gata"]
[Black "Li, Ruifeng"]
[Result "1-0"]
[WhiteElo "2670"]
[BlackElo "2408"]
[PlyCount "77"]
[EventDate "2015.08.08"]
[EventType "swiss"]
[EventRounds "9"]
[EventCountry "USA"]
[SourceTitle "CBM 167 Extra"]
[Source "ChessBase"]
[SourceDate "2015.09.14"]
[SourceVersion "1"]
[SourceVersionDate "2015.09.14"]
[SourceQuality "1"]

1. d4 Nf6 2. Nf3 e6 3. Bf4 d5 4. e3 c5 5. c3 Nc6 6. Nbd2 Bd6 7. Bg3 O-O 8. Bb5
Ne7 9. Bd3 Ng6 10. Ne5 b6 11. h4 Bb7 12. h5 Ne7 13. Qf3 Ne8 14. O-O-O f5 15.
Bf4 Nf6 16. h6 g6 17. Qg3 Bxe5 18. dxe5 Nd7 19. Bg5 Qe8 20. Bxe7 Qxe7 21. f4 c4
22. Bc2 b5 23. Nf3 b4 24. Qg5 Qc5 25. Nd4 bxc3 26. bxc3 Qa3+ 27. Kd2 Nc5 28.
Rb1 Qxa2 29. Qe7 Ne4+ 30. Ke1 Rf7 31. Qxe6 Nc5 32. Qd6 Qa5 33. e6 Qxc3+ 34. Ke2
Nxe6 35. Qxe6 Ba6 36. Kf3 Kf8 37. Qd6+ Re7 38. Qf6+ Ke8 39. Ba4+ 1-0

[Event "US Masters op"]
[Site "Greensboro"]
[Date "2015.08.27"]
[Round "1"]
[White "Gorti, Akshita"]
[Black "Kamsky, Gata"]
[Result "0-1"]
[WhiteElo "2315"]
[BlackElo "2670"]
[PlyCount "84"]
[EventDate "2015.08.27"]
[EventType "swiss"]
[EventRounds "9"]
[EventCountry "USA"]
[SourceTitle "EXT 2016"]
[Source "ChessBase"]
[SourceDate "2015.10.08"]
[SourceVersion "1"]
[SourceVersionDate "2015.10.08"]
[SourceQuality "1"]

1. d4 Nf6 2. c4 e6 3. Nf3 b6 4. g3 c6 5. Bg2 Bb4+ 6. Bd2 Be7 7. O-O O-O 8. Qc2
d5 9. Rd1 Nbd7 10. Bf4 Bb7 11. Nc3 Nh5 12. Bc1 f5 13. b3 Rc8 14. Bb2 Bd6 15. e3
Qe7 16. Ne2 Nhf6 17. Nf4 Ne4 18. Ne5 g5 19. Nfd3 g4 20. Nxd7 Qxd7 21. Ne5 Qg7
22. a3 Ng5 23. b4 c5 24. bxc5 Bxe5 25. dxe5 dxc4 26. e4 Rxc5 27. Bd4 Rcc8 28.
Qa4 Bxe4 29. Bxe4 Nxe4 30. Rac1 Qb7 31. Be3 b5 32. Qb4 c3 33. Rd4 Rfd8 34. Rcd1
Rxd4 35. Qxd4 c2 36. Rc1 a5 37. Qb2 Qc6 38. Qb3 Qc4 39. Qb2 Kf7 40. Kg2 Qd3 41.
Kg1 Rc3 42. Bb6 Qe2 0-1

[Event "US Masters op"]
[Site "Greensboro"]
[Date "2015.08.28"]
[Round "2"]
[White "Kamsky, Gata"]
[Black "Sarkar, Justin"]
[Result "1/2-1/2"]
[WhiteElo "2670"]
[BlackElo "2411"]
[PlyCount "118"]
[EventDate "2015.08.27"]
[EventType "swiss"]
[EventRounds "9"]
[EventCountry "USA"]
[SourceTitle "EXT 2016"]
[Source "ChessBase"]
[SourceDate "2015.10.08"]
[SourceVersion "1"]
[SourceVersionDate "2015.10.08"]
[SourceQuality "1"]

1. d4 Nf6 2. Nf3 g6 3. c3 Bg7 4. Bf4 d6 5. h3 O-O 6. e3 c5 7. Be2 Qb6 8. Qb3
Be6 9. Qxb6 axb6 10. a3 Bd7 11. Nbd2 Bc6 12. O-O Nbd7 13. Bh2 Ne4 14. Nxe4 Bxe4
15. Rfd1 Bc6 16. b3 Nf6 17. a4 Ne4 18. Rac1 h5 19. c4 Bh6 20. d5 Bd7 21. Bd3 f5
22. h4 Rae8 23. Rc2 Rf6 24. Kf1 Rf7 25. Ng1 Bg7 26. Bf4 Bf6 27. g3 g5 28. hxg5
Nxg5 29. Bxg5 Bxg5 30. Nf3 Bf6 31. Ke2 h4 32. gxh4 Rg7 33. Rcc1 Kf7 34. Rg1
Rxg1 35. Rxg1 Rh8 36. Ng5+ Kf8 37. f4 Rxh4 38. Ne6+ Bxe6 39. dxe6 Rh2+ 40. Kf3
Rh3+ 41. Rg3 Rxg3+ 42. Kxg3 Kg7 43. Bxf5 Bc3 44. Be4 Kf6 45. Bd5 Bd2 46. Kf3
Kf5 47. e4+ Kf6 48. Kg4 Be3 49. e5+ dxe5 50. f5 e4 51. Bxe4 Ke5 52. Bxb7 Bh6
53. Kh5 Bg7 54. Kg6 Bf6 55. Bf3 Kd4 56. Kf7 Kc3 57. Bd1 Kb4 58. Ke8 Bg5 59. Kd7
Bf6 1/2-1/2

[Event "US Masters op"]
[Site "Greensboro"]
[Date "2015.08.28"]
[Round "3"]
[White "Shmeliov, Denis"]
[Black "Kamsky, Gata"]
[Result "1/2-1/2"]
[WhiteElo "2398"]
[BlackElo "2670"]
[PlyCount "93"]
[EventDate "2015.08.27"]
[EventType "swiss"]
[EventRounds "9"]
[EventCountry "USA"]
[SourceTitle "EXT 2016"]
[Source "ChessBase"]
[SourceDate "2015.10.08"]
[SourceVersion "1"]
[SourceVersionDate "2015.10.08"]
[SourceQuality "1"]

1. d4 f5 2. c4 Nf6 3. Nf3 d6 4. g3 g6 5. Bg2 Bg7 6. O-O O-O 7. Nc3 c6 8. b3 a5
9. Bb2 Na6 10. Rc1 Bd7 11. Qd2 b5 12. cxb5 cxb5 13. a4 bxa4 14. bxa4 Rb8 15.
Ba1 Nb4 16. d5 Qb6 17. Nd4 Rfc8 18. e3 Ng4 19. Nc6 Nxc6 20. dxc6 Bxc6 21. Bxc6
Qxc6 22. Nd5 Qb7 23. Bxg7 Kxg7 24. Qxa5 Ne5 25. Rxc8 Rxc8 26. Qb5 Qxb5 27. axb5
e6 28. Nf4 Kf6 29. Rb1 Rb8 30. Ne2 Nc4 31. Rb3 e5 32. f4 Ke6 33. Kf2 Nd2 34.
Rb2 Ne4+ 35. Kf3 h5 36. h3 Kd5 37. Nc1 Nc3 38. fxe5 dxe5 39. b6 Rb7 40. g4 h4
41. gxf5 gxf5 42. Rb4 e4+ 43. Kf4 Ke6 44. Rb3 Nd5+ 45. Kg5 Rxb6 46. Rxb6+ Nxb6
47. Ne2 1/2-1/2

[Event "US Masters op"]
[Site "Greensboro"]
[Date "2015.08.29"]
[Round "4"]
[White "Kamsky, Gata"]
[Black "Viswanadha, Kesav"]
[Result "1-0"]
[WhiteElo "2670"]
[BlackElo "2366"]
[PlyCount "101"]
[EventDate "2015.08.27"]
[EventType "swiss"]
[EventRounds "9"]
[EventCountry "USA"]
[SourceTitle "EXT 2016"]
[Source "ChessBase"]
[SourceDate "2015.10.08"]
[SourceVersion "1"]
[SourceVersionDate "2015.10.08"]
[SourceQuality "1"]

1. e4 e5 2. Nf3 Nc6 3. Bb5 a6 4. Ba4 Nf6 5. O-O Be7 6. d3 b5 7. Bb3 d6 8. a3
O-O 9. Re1 Bb7 10. Nc3 Re8 11. Ba2 Nb8 12. Ne2 Bf8 13. Ng3 g6 14. Bg5 Nbd7 15.
b4 Bg7 16. Qd2 Nf8 17. h3 Ne6 18. Bh6 Nd7 19. Be3 c6 20. Rad1 a5 21. Bb3 c5 22.
c3 Qc7 23. Ng5 Ndf8 24. h4 Nxg5 25. hxg5 Ne6 26. Bd5 axb4 27. axb4 Ra4 28. Rb1
cxb4 29. cxb4 Qd7 30. Ne2 Bxd5 31. exd5 Nd4 32. Nc3 Raa8 33. Bxd4 exd4 34. Ne4
Re5 35. f4 Ree8 36. Qf2 Ra3 37. Qf3 Rd8 38. Re2 Rda8 39. Kh2 Kf8 40. Rc1 h6 41.
Rec2 R3a7 42. Rc6 hxg5 43. Rxd6 Qe7 44. Rdc6 Bh6 45. d6 Qd8 46. fxg5 Bxg5 47.
Rc7 f5 48. R1c5 Bf6 49. Qf4 Bg7 50. Ng5 Qe8 51. d7 1-0

[Event "US Masters op"]
[Site "Greensboro"]
[Date "2015.08.29"]
[Round "5"]
[White "Zapata, Alonso"]
[Black "Kamsky, Gata"]
[Result "1/2-1/2"]
[WhiteElo "2445"]
[BlackElo "2670"]
[PlyCount "105"]
[EventDate "2015.08.27"]
[EventType "swiss"]
[EventRounds "9"]
[EventCountry "USA"]
[SourceTitle "EXT 2016"]
[Source "ChessBase"]
[SourceDate "2015.10.08"]
[SourceVersion "1"]
[SourceVersionDate "2015.10.08"]
[SourceQuality "1"]

1. e4 g6 2. d4 Bg7 3. Nc3 c6 4. Nf3 d5 5. h3 dxe4 6. Nxe4 Bf5 7. Ng3 Be6 8. c3
Nf6 9. Bd3 Bd5 10. O-O Bxf3 11. Qxf3 O-O 12. Re1 Nbd7 13. Bg5 Re8 14. Re2 h6
15. Bxf6 Nxf6 16. Rae1 e6 17. Bc4 Qc7 18. Ne4 Nxe4 19. Qxe4 Rad8 20. h4 Qa5 21.
Bb3 Re7 22. g3 Qb5 23. Qc2 Qf5 24. Qc1 h5 25. Re4 Rd6 26. Qe3 Red7 27. Qe2 Qf6
28. Qe3 b6 29. Kg2 c5 30. dxc5 Rd3 31. Qf4 Qxf4 32. Rxf4 bxc5 33. Rfe4 Rd2 34.
R1e2 Bh6 35. f4 Rxe2+ 36. Rxe2 Bg7 37. Kf3 Kf8 38. Re4 Rd3+ 39. Re3 Rxe3+ 40.
Kxe3 e5 41. f5 gxf5 42. Bd1 Ke7 43. Bxh5 Ke6 44. Be2 Bh6+ 45. Kf2 f6 46. b4
cxb4 47. cxb4 e4 48. b5 f4 49. gxf4 Bxf4 50. a4 Bc7 51. h5 Kf5 52. Bc4 Kg5 53.
Bf7 1/2-1/2

[Event "US Masters op"]
[Site "Greensboro"]
[Date "2015.08.30"]
[Round "6"]
[White "Kamsky, Gata"]
[Black "Preotu, Razvan"]
[Result "1-0"]
[WhiteElo "2670"]
[BlackElo "2458"]
[PlyCount "73"]
[EventDate "2015.08.27"]
[EventType "swiss"]
[EventRounds "9"]
[EventCountry "USA"]
[SourceTitle "EXT 2016"]
[Source "ChessBase"]
[SourceDate "2015.10.08"]
[SourceVersion "1"]
[SourceVersionDate "2015.10.08"]
[SourceQuality "1"]

1. Nf3 Nf6 2. g3 g6 3. Bg2 Bg7 4. O-O O-O 5. d3 c5 6. e4 Nc6 7. c3 e5 8. Nbd2
d5 9. Re1 d4 10. Nc4 Re8 11. a4 Bf8 12. Bd2 dxc3 13. Bxc3 Nd7 14. Nfd2 Nb6 15.
Ne3 a5 16. Ndc4 Nxc4 17. dxc4 Nd4 18. f4 exf4 19. gxf4 g5 20. f5 Ra6 21. Ra3
Bg7 22. Nd5 Rh6 23. Bd2 Be5 24. Rh3 Rxh3 25. Bxh3 Bd7 26. Qh5 Kh8 27. Bg4 f6
28. h4 gxh4 29. Qxh4 Rg8 30. Kf2 Bc6 31. Rh1 Rg7 32. Bh6 Rd7 33. Bd1 Bxd5 34.
cxd5 Re7 35. Kf1 Qb6 36. Qg4 Nb3 37. Rg1 1-0

[Event "US Masters op"]
[Site "Greensboro"]
[Date "2015.08.30"]
[Round "7"]
[White "Kamsky, Gata"]
[Black "Friedel, Joshua E"]
[Result "1/2-1/2"]
[WhiteElo "2670"]
[BlackElo "2501"]
[PlyCount "88"]
[EventDate "2015.08.27"]
[EventType "swiss"]
[EventRounds "9"]
[EventCountry "USA"]
[SourceTitle "EXT 2016"]
[Source "ChessBase"]
[SourceDate "2015.10.08"]
[SourceVersion "1"]
[SourceVersionDate "2015.10.08"]
[SourceQuality "1"]

1. d4 Nf6 2. Nf3 d5 3. c4 e6 4. g3 Bb4+ 5. Bd2 Be7 6. Bg2 O-O 7. O-O c6 8. Qc2
b6 9. Bf4 Bb7 10. Rd1 Nbd7 11. b3 Rc8 12. Nc3 Nh5 13. Bc1 f5 14. a4 a5 15. e3
Qe8 16. Ba3 Bxa3 17. Rxa3 Nhf6 18. Qb2 Qe7 19. Raa1 Ba6 20. Bf1 Bb7 21. cxd5
exd5 22. Qa3 Qxa3 23. Rxa3 Ne4 24. Ne2 Ba6 25. Nf4 Bxf1 26. Kxf1 Kf7 27. h4 Ke7
28. Raa1 Kd6 29. Kg2 Ndf6 30. Ne5 Ng4 31. Ned3 Rfe8 32. Re1 Nef6 33. Rac1 Nd7
34. Rc2 Rc7 35. Rec1 Rec8 36. Ne2 Ndf6 37. Nc3 Ne4 38. Nd1 Nef6 39. f3 Nh6 40.
Nc3 Nf7 41. Ne5 Nxe5 42. dxe5+ Kxe5 43. Nb5 c5 44. Nxc7 Rxc7 1/2-1/2

[Event "US Masters op"]
[Site "Greensboro"]
[Date "2015.08.31"]
[Round "8"]
[White "Gonzalez Vidal, Yuri"]
[Black "Kamsky, Gata"]
[Result "0-1"]
[WhiteElo "2550"]
[BlackElo "2670"]
[PlyCount "82"]
[EventDate "2015.08.27"]
[EventType "swiss"]
[EventRounds "9"]
[EventCountry "USA"]
[SourceTitle "EXT 2016"]
[Source "ChessBase"]
[SourceDate "2015.10.08"]
[SourceVersion "1"]
[SourceVersionDate "2015.10.08"]
[SourceQuality "1"]

1. e4 c5 2. Nf3 e6 3. d4 cxd4 4. Nxd4 a6 5. Bd3 Bc5 6. Nb3 Ba7 7. Qg4 Nf6 8.
Qg3 Nc6 9. Nc3 Nh5 10. Qh3 g6 11. f4 d6 12. g4 e5 13. f5 Nf4 14. Qh6 Bd7 15.
Bxf4 exf4 16. O-O-O Ne5 17. Qg7 Rf8 18. Nd5 Bc6 19. Nf6+ Ke7 20. Nxh7 Rg8 21.
Qf6+ Kd7 22. Bb5 Kc7 23. Bxc6 bxc6 24. Nd4 Rh8 25. fxg6 Qxf6 26. Nxf6 Bxd4 27.
Rxd4 fxg6 28. h4 g5 29. Rhd1 gxh4 30. Rxd6 Rad8 31. Rxd8 Rxd8 32. Rh1 Ng6 33.
Nh7 Ne5 34. Ng5 Rg8 35. Ne6+ Kd6 36. Nxf4 Rxg4 37. Nd3 Rxe4 38. Kd2 Nxd3 39.
Kxd3 Ke5 40. a4 a5 41. b4 Rd4+ 0-1

[Event "US Masters op"]
[Site "Greensboro"]
[Date "2015.08.31"]
[Round "9"]
[White "Kveinys, Aloyzas"]
[Black "Kamsky, Gata"]
[Result "1-0"]
[WhiteElo "2491"]
[BlackElo "2670"]
[PlyCount "121"]
[EventDate "2015.08.27"]
[EventType "swiss"]
[EventRounds "9"]
[EventCountry "USA"]
[SourceTitle "EXT 2016"]
[Source "ChessBase"]
[SourceDate "2015.10.08"]
[SourceVersion "1"]
[SourceVersionDate "2015.10.08"]
[SourceQuality "1"]

1. d4 Nf6 2. c4 g6 3. Nf3 Bg7 4. g3 O-O 5. Bg2 c6 6. Nc3 d5 7. cxd5 cxd5 8. Ne5
e6 9. O-O Nfd7 10. Nf3 Nc6 11. e3 Nf6 12. b3 Re8 13. Bb2 Bd7 14. Ne5 Qe7 15. f4
Rec8 16. Qe2 Be8 17. Rfc1 a6 18. Nd3 Rc7 19. Na4 Ne4 20. Nb6 Rd8 21. a4 Qd6 22.
Qc2 Rb8 23. Bxe4 dxe4 24. Ne5 Qd8 25. Ba3 g5 26. a5 gxf4 27. gxf4 f6 28. Nxc6
Bxc6 29. Qc4 Bf8 30. Qxe6+ Kh8 31. Bxf8 Qxf8 32. Kh1 Re8 33. Qf5 Rf7 34. Rg1
Bb5 35. Ra2 Rg7 36. Rxg7 Qxg7 37. Rg2 Qf7 38. d5 Qe7 39. Qg4 Rd8 40. h3 Re8 41.
d6 Qf7 42. Qf5 Rd8 43. Rd2 Qg6 44. Qg4 Qf7 45. Qf5 Qg6 46. Qxg6 hxg6 47. Rd4
Kg7 48. Kh2 Kf7 49. Kg3 Bc6 50. d7 Ke7 51. Kg4 Kf7 52. f5 g5 53. Rd6 Ke7 54.
Re6+ Kf7 55. Nc4 Rxd7 56. Nd6+ Kg7 57. Ne8+ Kf8 58. Nxf6 Rd3 59. Nh7+ Kg8 60.
Nxg5 Rxe3 61. Re7 1-0

[Event "FIDE World Cup"]
[Site "Baku"]
[Date "2015.09.11"]
[Round "1.1"]
[White "Kamsky, Gata"]
[Black "Melkumyan, Hrant"]
[Result "0-1"]
[WhiteElo "2691"]
[BlackElo "2622"]
[PlyCount "94"]
[EventDate "2015.09.11"]
[EventType "k.o."]
[EventRounds "7"]
[EventCountry "AZE"]
[SourceTitle "CBM 169"]
[Source "ChessBase"]
[SourceDate "2015.11.10"]
[SourceVersion "1"]
[SourceVersionDate "2015.11.10"]
[SourceQuality "1"]

1. e4 e5 2. Nf3 Nc6 3. Bb5 Nf6 4. O-O Nxe4 5. d4 Nd6 6. Bxc6 dxc6 7. dxe5 Nf5
8. Qxd8+ Kxd8 9. Rd1+ Ke8 10. h3 Ne7 11. Bf4 Nd5 12. Bh2 Bf5 13. c3 Rd8 14.
Nbd2 c5 15. Re1 Be7 16. Ne4 Be6 17. Nfg5 Kd7 18. Rad1 Kc6 19. g4 h6 20. Nxe6
fxe6 21. Bg3 b5 22. Kg2 a5 23. Rd2 Nb6 24. Rde2 c4 25. f4 g6 26. Nd2 Rd3 27.
Ne4 b4 28. Rc1 b3 29. Ra1 a4 30. a3 Nd5 31. Rae1 Bc5 32. Nf6 Ne3+ 33. Kh2 Nc2
34. Rf1 Rhd8 35. Ne4 Bxa3 36. bxa3 Rd1 37. Rxd1 Rxd1 38. f5 gxf5 39. gxf5 b2
40. Nd2 Rxd2 41. Rxd2 b1=Q 42. f6 Ne1 43. f7 Nf3+ 44. Kg2 Qf5 45. Rf2 Qxf7 46.
Rxf3 Qe7 47. Rf6 Kd5 0-1

[Event "FIDE World Cup"]
[Site "Baku"]
[Date "2015.09.12"]
[Round "1.2"]
[White "Melkumyan, Hrant"]
[Black "Kamsky, Gata"]
[Result "1/2-1/2"]
[WhiteElo "2622"]
[BlackElo "2691"]
[PlyCount "83"]
[EventDate "2015.09.11"]
[EventType "k.o."]
[EventRounds "7"]
[EventCountry "AZE"]
[SourceTitle "CBM 169"]
[Source "ChessBase"]
[SourceDate "2015.11.10"]
[SourceVersion "1"]
[SourceVersionDate "2015.11.10"]
[SourceQuality "1"]

1. d4 Nf6 2. Nf3 g6 3. c4 Bg7 4. g3 O-O 5. Bg2 d6 6. O-O c6 7. Nc3 Nbd7 8. e4
e5 9. h3 Re8 10. Be3 a5 11. d5 Qc7 12. Nd2 b6 13. Qc2 Nc5 14. Rfc1 Bd7 15. dxc6
Bxc6 16. Nb3 Ncd7 17. Nd2 h5 18. Nd5 Qb8 19. b3 Nc5 20. a3 Nfd7 21. b4 Ne6 22.
Nf3 b5 23. cxb5 Bxd5 24. exd5 Nd4 25. Bxd4 exd4 26. Qd3 Qa7 27. Rab1 axb4 28.
axb4 Nb6 29. Rc6 Qb8 30. Nxd4 Ra2 31. Rc2 Qa8 32. Rxa2 Qxa2 33. Qc2 Qa7 34. Nc6
Qa3 35. Qb3 Qa8 36. h4 Bf6 37. Bf3 Kg7 38. Kg2 Qc8 39. Qc2 Qc7 40. Rc1 Qd7 41.
Na5 Rc8 42. Nc6 1/2-1/2

[Event "Las Vegas Millionaire op playoff-B"]
[Site "Las Vegas"]
[Date "2015.10.11"]
[Round "1.2"]
[White "Kamsky, Gata"]
[Black "Bareev, Evgeny"]
[Result "1-0"]
[WhiteElo "2680"]
[BlackElo "2669"]
[PlyCount "73"]
[EventDate "2015.10.11"]
[EventType "tourn (rapid)"]
[EventRounds "3"]
[EventCountry "USA"]
[EventCategory "18"]
[SourceTitle "CBM 168 Extra"]
[Source "ChessBase"]
[SourceDate "2015.10.29"]
[SourceVersion "1"]
[SourceVersionDate "2015.10.29"]
[SourceQuality "1"]

1. d4 e6 2. Bf4 b6 3. e3 Bb7 4. Nf3 d6 5. h3 Nd7 6. Bh2 f5 7. c4 g6 8. Nc3 Bg7
9. Be2 Ngf6 10. a4 a5 11. Ng5 Ke7 12. Bf3 Qc8 13. Bxb7 Qxb7 14. O-O h6 15. Nf3
Kf7 16. Nb5 Bf8 17. Rc1 Be7 18. Qb3 Ne4 19. Rfd1 Rac8 20. Nd2 Rhd8 21. Nxe4
Qxe4 22. f3 Qa8 23. Re1 Nf8 24. c5 bxc5 25. dxc5 dxc5 26. Bxc7 Rd7 27. Bg3 h5
28. e4 Qc6 29. Na3 Rb7 30. Qc2 Rb4 31. Nc4 Kg8 32. b3 Bf6 33. Rcd1 Rd8 34. Nxa5
Qc8 35. Nc4 Rxd1 36. Rxd1 Qb7 37. a5 1-0

[Event "Las Vegas Millionaire op playoff-B"]
[Site "Las Vegas"]
[Date "2015.10.11"]
[Round "3.1"]
[White "Kamsky, Gata"]
[Black "Azarov, Sergei Nikolaevich"]
[Result "1-0"]
[WhiteElo "2680"]
[BlackElo "2580"]
[PlyCount "71"]
[EventDate "2015.10.11"]
[EventType "tourn (rapid)"]
[EventRounds "3"]
[EventCountry "USA"]
[EventCategory "18"]
[SourceTitle "CBM 168 Extra"]
[Source "ChessBase"]
[SourceDate "2015.10.29"]
[SourceVersion "1"]
[SourceVersionDate "2015.10.29"]
[SourceQuality "1"]

1. d4 d5 2. Bf4 Nf6 3. e3 e6 4. Nd2 c5 5. c3 Nc6 6. Ngf3 Bd6 7. Bg3 O-O 8. Bb5
Ne7 9. Bd3 cxd4 10. exd4 b6 11. O-O Bb7 12. Re1 Bxg3 13. hxg3 Nc8 14. Ne5 Nd6
15. Qe2 Nfe4 16. Rad1 Qc7 17. Nf1 f6 18. Ng4 Rae8 19. f3 Ng5 20. Qd2 Qc8 21.
Qf4 Ngf7 22. Nge3 e5 23. dxe5 fxe5 24. Qh4 e4 25. Bc2 Qc5 26. Rd4 Nh6 27. fxe4
dxe4 28. g4 Kh8 29. a4 Ba6 30. Ng3 Bd3 31. Bb3 Qe5 32. Rd5 Qf4 33. Nh5 Ndf5 34.
Nxf5 Nxf5 35. Rxf5 Qd2 36. Qf2 1-0